ՀՀ Գիտությունների ազգային ակադեմիայի հիմնարար գիտական գրադարան  =   Fundamental Scientific Library of NAS RA

Արցախ : (Record no. 180377)

MARC details
000 -LEADER
fixed length control field 00704nam a2200217 a 4500
001 - CONTROL NUMBER
control field 000489775
003 - CONTROL NUMBER IDENTIFIER
control field AM-YeHGA
005 - DATE AND TIME OF LATEST TRANSACTION
control field 20260408145918.0
008 - FIXED-LENGTH DATA ELEMENTS--GENERAL INFORMATION
fixed length control field 060523s1895 aj r 000 0 arm d
040 ## - CATALOGING SOURCE
Original cataloging agency AM-YeHGA
041 0# - LANGUAGE CODE
Language code of text/sound track or separate title arm
090 ## - LOCALLY ASSIGNED LC-TYPE CALL NUMBER (OCLC); LOCAL CALL NUMBER (RLIN)
-- 181827
100 1# - MAIN ENTRY--PERSONAL NAME
Personal name Բարխուդարյան, Մակար,
Dates associated with a name 1832-1906
9 (RLIN) 2913
245 10 - TITLE STATEMENT
Title Արցախ :
Remainder of title Երկասիրեյ /
Statement of responsibility, etc. Մ. եպս. Բարխուտարեանց.
260 ## - PUBLICATION, DISTRIBUTION, ETC.
Place of publication, distribution, etc. Բագու :
Name of publisher, distributor, etc. տպ. Արօր,
Date of publication, distribution, etc. 1895.
300 ## - PHYSICAL DESCRIPTION
Extent 460 էջ
500 ## - GENERAL NOTE
General note Ցայնկ հատուկ անունների՝ էջ 439-457
650 14 - SUBJECT ADDED ENTRY--TOPICAL TERM
Topical term or geographic name entry element Աշխարհագրություն
Geographic subdivision Արցախ
650 14 - SUBJECT ADDED ENTRY--TOPICAL TERM
Topical term or geographic name entry element Պատմություն
Geographic subdivision Արցախ
942 ## - ADDED ENTRY ELEMENTS (KOHA)
Source of classification or shelving scheme Universal Decimal Classification
Koha item type Գրքեր / Books
Koha issues (borrowed), all copies 1
Holdings
Withdrawn status Lost status Damaged status Not for loan Collection Home library Current library Date acquired Total checkouts Full call number Barcode Date last seen Date last checked out Price effective from Koha item type Public note Shelving control number Source of classification or shelving scheme
        General Fundamental Scientific Library Fundamental Scientific Library 28/12/2016 1 AII/35027 220035027 08/04/2026 08/04/2026 28/12/2016 Գրքեր / Books 30 Days Loan    
        General Fundamental Scientific Library Fundamental Scientific Library 28/12/2016   AII/35028 220035028 28/12/2016   28/12/2016 Գրքեր / Books 30 Days Loan    
        General Fundamental Scientific Library Fundamental Scientific Library 28/12/2016   AII/35029 220035029 28/12/2016   28/12/2016 Գրքեր / Books 30 Days Loan    
        General Fundamental Scientific Library Fundamental Scientific Library 28/12/2016   AII/84232 FL0184150 28/12/2016   28/12/2016 Գրքեր / Books 30 Days Loan    
        Levonyan Individual Collection Fundamental Scientific Library Fundamental Scientific Library 28/12/2016   Լեվ/999 FL0394713 28/12/2016   28/12/2016 Գրքեր / Books ILL Non-Circ.   Universal Decimal Classification
        Hovhannisian Individual Collection Fundamental Scientific Library Fundamental Scientific Library 13/06/2018   Հովհ/2190 FL04504192 13/06/2018   13/06/2018 Գրքեր / Books ILL Non-Circ.   Universal Decimal Classification


ՀՀ ԳԱԱ հիմնարար գիտական գրադարան
ՀՀ,Երևան 0019
Մարշալ Բաղրամյան 24/6
հեռախոս:(374-10) 52-47-50
Հետադարձ կապ

All site content, except where otherwise noted, is licensed under a
Creative Commons License